Music Quiz

Random Music or Artist Quiz

100 Greatest Artists (Rolling Stone vs. VH1) Quiz Stats

Quiz Updated Apr 17, 2017

Challenge
Share
Tweet
Embed
Score 0/200 Timer 15:00
2 Plays Today
Rank Artist % Correct
Rolling Stone (1-50)The Beatles
96.9%
VH1 (1-50)The Beatles
96.9%
Rolling Stone (1-50)The Rolling Stones
93.7%
VH1 (1-50)The Rolling Stones
93.7%
Rolling Stone (1-50)Michael Jackson
85.1%
VH1 (1-50)Michael Jackson
85.1%
Rolling Stone (1-50)Elvis Presley
79.8%
VH1 (1-50)Elvis Presley
79.8%
Rolling Stone (1-50)Elton John
73.5%
VH1 (1-50)Elton John
73.5%
Rolling Stone (1-50)Madonna
72.9%
VH1 (1-50)Madonna
72.9%
Rolling Stone (1-50)Led Zeppelin
72.9%
VH1 (1-50)Led Zeppelin
72.9%
Rolling Stone (1-50)The Who
71%
VH1 (1-50)The Who
71%
Rolling Stone (1-50)Bob Dylan
71%
VH1 (1-50)Bob Dylan
71%
Rolling Stone (1-50)Nirvana
70.1%
VH1 (1-50)Nirvana
70.1%
Rolling Stone (1-50)Jimi Hendrix
67.4%
VH1 (1-50)Jimi Hendrix
67.4%
Rolling Stone (1-50)John Lennon
62.4%
VH1 (1-50)John Lennon
62.4%
Rolling Stone (1-50)U2
61.8%
VH1 (1-50)U2
61.8%
VH1 (1-50)Paul McCartney
60.3%
Rolling Stone (51-100)Queen
59.6%
VH1 (1-50)Queen
59.6%
Rolling Stone (1-50)Aretha Franklin
59.5%
VH1 (1-50)Aretha Franklin
59.5%
Rolling Stone (51-100)Pink Floyd
59.2%
VH1 (1-50)Pink Floyd
59.2%
Rolling Stone (1-50)The Beach Boys
58.7%
VH1 (1-50)The Beach Boys
58.7%
VH1 (1-50)Bruce Springsteen
58.7%
Rolling Stone (1-50)Bruce Springsteen
58.7%
Rolling Stone (51-100)Eric Clapton
58.3%
Rolling Stone (51-100)Aerosmith
57.7%
VH1 (1-50)Aerosmith
57.7%
Rolling Stone (51-100)Metallica
56.5%
VH1 (1-50)Metallica
56.5%
Rolling Stone (1-50)The Doors
55.4%
VH1 (51-100)The Doors
55.4%
Rolling Stone (51-100)AC/DC
55.4%
VH1 (1-50)AC/DC
55.4%
Rolling Stone (1-50)Prince
55%
VH1 (1-50)Prince
55%
Rolling Stone (51-100)Eminem
52.7%
VH1 (51-100)Eminem
52.7%
Rolling Stone (51-100)Diana Ross and the Supremes
52.6%
Rolling Stone (51-100)Eagles
52.3%
Rolling Stone (51-100)Jay-Z
51.5%
VH1 (1-50)Jay-Z
51.5%
Rolling Stone (1-50)David Bowie
51%
VH1 (1-50)David Bowie
51%
Rolling Stone (1-50)Johnny Cash
50.8%
VH1 (1-50)Johnny Cash
50.8%
Rolling Stone (1-50)Stevie Wonder
50.7%
Rolling Stone (1-50)James Brown
50.7%
VH1 (1-50)Stevie Wonder
50.7%
VH1 (1-50)James Brown
50.7%
VH1 (51-100)Whitney Houston
50.4%
Rolling Stone (51-100)Al Green
49.8%
VH1 (1-50)Al Green
49.8%
Rolling Stone (1-50)The Clash
49.8%
VH1 (1-50)The Clash
49.8%
Rank Artist % Correct
Rolling Stone (1-50)Janis Joplin
49.7%
VH1 (51-100)Janis Joplin
49.7%
Rolling Stone (51-100)Guns n' Roses
49.6%
VH1 (1-50)Guns n' Roses
49.6%
VH1 (51-100)Beyoncé
49.4%
VH1 (51-100)Billy Joel
49.3%
Rolling Stone (51-100)Cream
49.1%
VH1 (51-100)Cream
49.1%
VH1 (1-50)Black Sabbath
49%
Rolling Stone (51-100)Black Sabbath
49%
Rolling Stone (1-50)Marvin Gaye
49%
VH1 (1-50)Marvin Gaye
49%
VH1 (51-100)George Michael
47.4%
Rolling Stone (51-100)The Police
47.2%
VH1 (1-50)The Police
47.2%
Rolling Stone (1-50)Neil Young
47.1%
VH1 (1-50)Neil Young
47.1%
Rolling Stone (1-50)Buddy Holly
45.5%
Rolling Stone (1-50)Chuck Berry
45.3%
Rolling Stone (51-100)Sex Pistols
45.3%
VH1 (1-50)Chuck Berry
45.3%
VH1 (51-100)Pearl Jam
44.8%
Rolling Stone (1-50)Patti Smith
44.7%
VH1 (1-50)Fleetwood Mac
44.5%
Rolling Stone (1-50)Ray Charles
44.3%
VH1 (1-50)Ray Charles
44.3%
VH1 (1-50)Van Halen
44%
Rolling Stone (51-100)The Kinks
43.8%
VH1 (1-50)The Kinks
43.8%
Rolling Stone (51-100)The Temptations
43.7%
Rolling Stone (1-50)Simon and Garfunkel
43.1%
VH1 (51-100)Mariah Carey
43%
Rolling Stone (51-100)Tupac Shakur
42.9%
VH1 (1-50)Bob Marley
42.8%
Rolling Stone (1-50)Bob Marley
42.8%
Rolling Stone (1-50)The Ramones
42%
VH1 (1-50)The Ramones
42%
Rolling Stone (51-100)R.E.M.
40%
VH1 (51-100)R.E.M.
40%
VH1 (51-100)Tupac Shakur
40%
VH1 (51-100)Genesis
39.9%
Rolling Stone (51-100)Creedence Clearwater Revival
39.9%
VH1 (51-100)Green Day
39.4%
VH1 (51-100)Bee Gees
39%
Rolling Stone (51-100)Tom Petty
38.7%
VH1 (51-100)Tom Petty
38.7%
VH1 (51-100)KISS
38.6%
VH1 (51-100)ABBA
38.6%
Rolling Stone (51-100)Tina Turner
38.3%
VH1 (1-50)Tina Turner
38.3%
Rolling Stone (1-50)Run-D.M.C.
38.2%
VH1 (51-100)Run-D.M.C.
38.2%
Rolling Stone (1-50)Otis Redding
36.9%
VH1 (51-100)Otis Redding
36.9%
Rolling Stone (1-50)Van Morrison
36.4%
VH1 (51-100)Van Morrison
36.4%
VH1 (51-100)Little Richard
36.3%
Rolling Stone (1-50)Little Richard
36.3%
Rolling Stone (51-100)The Grateful Dead
36.2%
Rolling Stone (51-100)Radiohead
36.1%
VH1 (1-50)Radiohead
36.1%
Rolling Stone (51-100)Beastie Boys
36%
VH1 (51-100)Beastie Boys
36%
VH1 (51-100)Journey
36%
Rolling Stone (51-100)Dr. Dre
35.8%
VH1 (51-100)Notorious B.I.G
35.2%
Rolling Stone (51-100)Lynyrd Skynyrd
34.6%
Rank Artist % Correct
VH1 (51-100)Lynyrd Skynyrd
34.6%
Rolling Stone (1-50)Jerry Lee Lewis
34.5%
VH1 (51-100)Coldplay
34.1%
Rolling Stone (1-50)The Velvet Underground
33.2%
VH1 (1-50)The Velvet Underground
33.2%
Rolling Stone (51-100)James Taylor
33.2%
VH1 (51-100)Rush
32.5%
VH1 (51-100)Justin Timberlake
32.2%
Rolling Stone (1-50)The Band
31.7%
VH1 (51-100)The Band
31.7%
Rolling Stone (1-50)Roy Orbison
31.4%
Rolling Stone (1-50)The Byrds
31.4%
Rolling Stone (51-100)Hank Williams
31.3%
Rolling Stone (51-100)Carlos Santana
31.1%
Rolling Stone (51-100)The Allman Brothers Band
30.5%
Rolling Stone (51-100)Elvis Costello
30.4%
VH1 (51-100)Elvis Costello
30.4%
Rolling Stone (1-50)Public Enemy
30.3%
VH1 (51-100)Public Enemy
30.3%
Rolling Stone (51-100)The Four Tops
30.2%
Rolling Stone (51-100)Joni Mitchell
30%
VH1 (1-50)Joni Mitchell
30%
Rolling Stone (51-100)Talking Heads
29.7%
VH1 (51-100)Talking Heads
29.7%
Rolling Stone (1-50)Smokey Robinson and the Miracles
29.4%
Rolling Stone (1-50)Sam Cooke
29%
Rolling Stone (51-100)The Yardbirds
29%
VH1 (51-100)Def Leppard
28.8%
VH1 (51-100)N.W.A.
27.8%
Rolling Stone (1-50)Muddy Waters
27.3%
VH1 (51-100)The Cure
26.8%
VH1 (51-100)Peter Gabriel
26.7%
Rolling Stone (51-100)The Stooges
25%
VH1 (51-100)The Stooges
25%
Rolling Stone (1-50)Fats Domino
24.7%
VH1 (51-100)Hall & Oates
24.6%
Rolling Stone (1-50)Sly and the Family Stone
24.1%
VH1 (1-50)Sly and the Family Stone
24.1%
Rolling Stone (51-100)Jackie Wilson
23.5%
VH1 (51-100)Earth Wind & Fire
23.2%
Rolling Stone (51-100)Frank Zappa
23.1%
Rolling Stone (1-50)The Everly Brothers
22.8%
VH1 (51-100)Alicia Keys
22.2%
VH1 (51-100)The Pretenders
22.1%
VH1 (1-50)Parliament-Funkadelic
21.6%
Rolling Stone (51-100)Parliament-Funkadelic
21.6%
Rolling Stone (1-50)Bo Diddley
21.3%
VH1 (51-100)Depeche Mode
20.3%
VH1 (1-50)Rage Against the Machine
20.1%
Rolling Stone (51-100)Carl Perkins
19.5%
VH1 (51-100)Steely Dan
19.4%
Rolling Stone (51-100)Curtis Mayfield
19.3%
VH1 (51-100)Curtis Mayfield
19.3%
VH1 (51-100)Judas Priest
19.3%
Rolling Stone (51-100)Nine Inch Nails
18.5%
VH1 (51-100)OutKast
18.5%
VH1 (51-100)LL Cool J
18.2%
Rolling Stone (51-100)Howlin' Wolf
17.1%
Rolling Stone (51-100)The Drifters
16.6%
Rolling Stone (51-100)The Shirelles
16.6%
VH1 (51-100)Cheap Trick
16.6%
VH1 (51-100)Mary J. Blige
15.5%
VH1 (1-50)Sade
15.4%
Rolling Stone (51-100)Phil Spector
15.4%
Rolling Stone (51-100)Booker T. and the MGs
13.6%
Rolling Stone (51-100)Gram Parsons
13.3%

You're not logged in!

Compare scores with friends on all Sporcle quizzes.
Sign Up with Email
OR
Log In

You Might Also Like...

Show Comments

Extras

Top Quizzes Today


Score Distribution

Your Account Isn't Verified!

In order to create a playlist on Sporcle, you need to verify the email address you used during registration. Go to your Sporcle Settings to finish the process.